000 00638nam a2200205Ia 4500
005 20250507130302.0
008 008 250505s9999 xx 000 0 eng d
037 _aSeries Article
040 _aEASL
_beng
_cEASL
041 _aeng
_2eng
084 _qEASL
100 _aSanchez Andrew
245 0 _aSons of soil, sons of steel : Autochthony, Descent and class concepts in industrial India
260 _aUSA
_bNew York Cambridge University Press U.K
_c2014
300 _a1276-1301pp.
650 _aAsian Studies; Autochthony
_9755064
700 _aStrumpell Christian
942 _cSRA
999 _c1318775
_d1318775